01451nam a2200241Ia 4500001001100000003001000011008004100021040002500062041001300087100002900100245010000129250001100229260005800240300002700298500026200325501011400587520026200701650002800963942000700991957000600998999004301004952016201047L371-24827IT-CnALBA170116s9999||||xx |||||||||||||| ||und|| aIT-CnALBAcIT-CnALBA aITALIANO aLINDWORSKY GIOVANNI, SJ. 0aL'EDUCAZIONE DELLA VOLONTÀ. PSICOLOGIA E PEDAGOGIA SECONDO LE RECENTI INDAGINI SPERIMENTALI.  a3a ed. a BRESCIAbMORCELLIANA EDITRICE c1947 [1° Ed.: n.d.] a193 p. (prefazione: 7) aCURATORE, NATALE SERRA. ATTO VOLITIVO. MOVIMENTI DEL CORPO. PROPOSITO. MOTIVO E LIBERTÀ. SUGGESTIONE E IPNOSI. ENERGIA. CONCENTRAZIONE. DOLORE CORPORALE. EDUCAZIONE FORMALE E MATERIALE. DIFETTI. CATTIVE ABITUDINI. GLI ESERCIZI DI SANT'IGNAZIO. FAMIGLIA. S aSocietà San Paolo EM - Piazza San Paolo, 14 - 12051 ALBA (CN) (non commercial uses only) ® Copyright 2017 aCURATORE, NATALE SERRA. ATTO VOLITIVO. MOVIMENTI DEL CORPO. PROPOSITO. MOTIVO E LIBERTÀ. SUGGESTIONE E IPNOSI. ENERGIA. CONCENTRAZIONE. DOLORE CORPORALE. EDUCAZIONE FORMALE E MATERIALE. DIFETTI. CATTIVE ABITUDINI. GLI ESERCIZI DI SANT'IGNAZIO. FAMIGLIA. S aISTRUZIONE - EDUCAZIONE cBK 71 a29603bSI g Copie: 1 c283930d283930 0010406L_3712482771aALBAbALBAd2017-01-16l0oL371-24827r2017-01-16 00:00:00w2017-01-16yBKz(data import: 16 gennaio 2017) - By Epidotti, Vaglietti.